000 00670nam a2200253Ia 4500
003 OSt
005 20220918190227.0
006 a|||||r|||| 00| 0
007 ta
008 220917b |||||||| |||| 00| 0 eng d
024 _a55,171
037 _cTextual
040 _aARTS
_cARTS
_beng
041 _2eng
_aeng
082 _aP6:1, J7
100 _aWestermann D
_971557
245 0 _aPractical phonetics for students of African languages
260 _aLondon
_bOUP
_c1957
300 _a169p.
_ccm.
650 _aLINGUISTICS
700 _a Ward Ida C
_911377
942 _hP6:1, J7
_cTEXL
_2CC
999 _c183881
_d183881